The Best NBA Player Ever from Every Draft Pick - Statistics

General Stats
  • This quiz has been taken 25 times
  • The average score is 9 of 30
Answer Stats
Pick Player % Correct
1 LeBron James
100%
3 Michael Jordan
90%
13 Kobe Bryant
81%
7 Steph Curry
67%
6 Larry Bird
52%
2 Bill Russell
48%
9 Dirk Nowitzki
48%
4 Chris Paul
43%
29 Dennis Johnson
43%
15 Kawhi Leonard
38%
5 Kevin Garnett
33%
16 John Stockton
29%
12 Julius Erving
29%
10 Paul Pierce
29%
11 Reggie Miller
24%
28 Tony Parker
24%
14 Clyde Drexler
19%
27 Dennis Rodman
19%
8 Sam Jones
19%
18 Joe Dumars
5%
25 Mark Price
5%
21 Rajon Rondo
5%
17 Shawn Kemp
5%
26 Vlade Divac
5%
23 Alex English
0%
22 George McGinnis
0%
24 Kyle Lowry
0%
20 Larry Nance
0%
30 Spencer Haywood
0%
19 Tiny Archibald
0%
No matching quizzes found
Score Distribution
Percent of People with Each Score
Percentile by Number Answered
Your Score History
You have not taken this quiz